ARRUPE JESUIT UNIVERSITY

CORONAVIRUS -STOP THE SPREAD - CLEAN,DISINFECT,COVER

The mystery-religions = Mystery-religions and christianity (Record no. 13492)

MARC details
000 -LEADER
fixed length control field 00568nam a2200217Ia 4500
003 - CONTROL NUMBER IDENTIFIER
control field 0100
008 - FIXED-LENGTH DATA ELEMENTS--GENERAL INFORMATION
fixed length control field 130303s9999 xx 000 0 und d
020 ## - INTERNATIONAL STANDARD BOOK NUMBER
International Standard Book Number 486231240
040 ## - CATALOGING SOURCE
Transcribing agency ARRUPELIB
050 ## - LIBRARY OF CONGRESS CALL NUMBER
Classification number BL610 .A6 1975
300 ## - PHYSICAL DESCRIPTION
Other physical details 359 p. 22 cm
100 ## - MAIN ENTRY--PERSONAL NAME
Personal name Angus, Samuel
245 #4 - TITLE STATEMENT
Title The mystery-religions = Mystery-religions and christianity
245 ## - TITLE STATEMENT
Remainder of title a study in the religious background of early christianity
260 ## - PUBLICATION, DISTRIBUTION, ETC. (IMPRINT)
Place of publication, distribution, etc New York
260 ## - PUBLICATION, DISTRIBUTION, ETC. (IMPRINT)
Name of publisher, distributor, etc Dover Publications
260 ## - PUBLICATION, DISTRIBUTION, ETC. (IMPRINT)
-- 1975
300 ## - PHYSICAL DESCRIPTION
Extent xvi
700 ## - ADDED ENTRY--PERSONAL NAME
Personal name Samuel Angus
942 00 - ADDED ENTRY ELEMENTS (KOHA)
Koha issues (borrowed), all copies 4
Holdings
Withdrawn status Lost status Source of classification or shelving scheme Damaged status Not for loan Home library Current library Shelving location Date acquired Total Checkouts Full call number Barcode Date last seen Date checked out Copy number Price effective from Koha item type
    Library of Congress Classification     ARRUPE LIBRARY ARRUPE LIBRARY   04/03/2013 4 BL610 .A6 1975 46003034371 01/08/2016 25/03/2015 1 04/03/2013 Monograph ( Printed materials)

 

Arrupe Library. PO Box MP320 Mt Pleasant, Harare, Zimbabwe
263 242 745411|librarian@aju.ac.zw